000 00360nam a2200157Ia 4500
001 20302
003 IN-NITTTR
005 20251114233232.0
008 251113s9999||||xx |||||||||||||| ||eng||
040 _beng
040 _cIN-NITTTR
041 _aeng
082 _a537.623 S94 R
245 0 _aStudies of high temparature superconductors. /
942 _2ddc
_cBK
999 _c22936
_d22936